| 000 | 00715nam a2200205Ia 4500 | ||
|---|---|---|---|
| 008 | 220216s9999 xx 000 0 und d | ||
| 100 | _aAnnamalainathan K | ||
| 245 | 0 | _aRole of plantation crops in climate change mitigation: Special reference to natural rubber | |
| 260 | _bIn: Agroforestry: Present Status and Way Forward. (Eds. S.K. Dhyani, Ram Newaj, Badre Alam and Inder Dev).Biotech Books, New Delhi, India, pp. 229-246. | ||
| 650 | _aCarbon sequestration | ||
| 650 | _aClimate change | ||
| 650 | _aEcosystem service | ||
| 650 | _aNatural rubber | ||
| 650 | _aNet ecosystem exchange | ||
| 650 | _aPlantation crops | ||
| 700 | _aJacob J | ||
| 700 | _aSatheesh P R | ||
| 856 | _uCopy | ||
| 942 | _cJS | ||
| 999 |
_c67202 _d67202 |
||